Statistics for Countries Closest to Gabon - One Minute Sprint

Click here to take the quiz!

General Stats

  • This quiz has been taken 25 times
  • The average score is 15 of 20

Answer Stats

kmcountrymiles% Correct
969Benin602
96%
0Cameroon0
96%
0Congo0
96%
158Dem Rep Congo98
96%
1044Togo649
96%
1184Niger735
92%
118Angola73
88%
232Central African
Republic
144
88%
1091Ghana678
88%
418Nigeria260
88%
637Chad396
84%
0Equatorial Guinea0
84%
1463Namibia909
76%
1442Côte d'Ivoire896
68%
237São Tomé
and Príncipe
147
68%
1429Burkina Faso888
60%
1435Zambia892
56%
1314South Sudan816
40%
1396Sudan867
36%
1604Rwanda997
28%

Score Distribution

Percentile by Number Answered

Percent of People with Each Score

Your Score History

You have not taken this quiz